DISEASE TO PLEASE CURING THE PEOPLE PLEA (Record no. 1159)

MARC details
000 -LEADER
fixed length control field 00353nam a2200133Ia 4500
008 - FIXED-LENGTH DATA ELEMENTS--GENERAL INFORMATION
fixed length control field 240624s9999 xx 000 0 und d
041 ## - LANGUAGE CODE
Language code of text/sound track or separate title eng
082 ## - DEWEY DECIMAL CLASSIFICATION NUMBER
Classification number 158.2 BRA
100 ## - MAIN ENTRY--PERSONAL NAME
Personal name BRAIKER HARRIE B
245 ## - TITLE STATEMENT
Title DISEASE TO PLEASE CURING THE PEOPLE PLEA
260 ## - PUBLICATION, DISTRIBUTION, ETC.
Date of publication, distribution, etc. 2003
Place of publication, distribution, etc. New Delhi
Name of publisher, distributor, etc. Tata McGrawhill
300 ## - PHYSICAL DESCRIPTION
Extent xvi, : 284 : p. : cm. ; 24
365 ## - TRADE PRICE
Currency code RS
Holdings
Withdrawn status Lost status Damaged status Not for loan Home library Current library Shelving location Date acquired Source of acquisition Cost, normal purchase price Full call number Barcode Date last seen Copy number Price effective from Koha item type
        IMTN IMTN Rack 1-B 11/18/2004 JBD 175.00 158.2 BRA 1159 06/24/2024 1 06/24/2024 Books
Designed & Maintained by: LRC IMT Nagpur Contact: lrc@imtnag.ac.in© 2024. All Rights Reserved.